00704nam a2200229 a 4500001001300000003000900013005001700022008004100039020002300080082001800103100002100121245003000142260005000172300001000222500003500232650002300267700002100290902000800311942000700319952013100326999001700457nice12345678IN_TiNIC20260116014538.0131226s2008 dela grp 000 0 eng  a8185063680 c12000a297.122bKHA3 aKhan, Wahiduddin aQuranb An Abiding Wonder aDelhibIslamic Centre(al-Risala Office c2008 a127p  aincludes index and biblioraphy aQuran-Appreciation1 aKhan, Wahiduddin bSRS cBK 001040708StackRoom-aHMIbHMId2013-12-26g120.00l1o297.122 KHA3p024287r2019-09-26s2019-09-24v120.00w2013-12-26yBK c15890d15890